00721pam a2200229 a 4500001000800000005001700008008004100025010001700066020002200083040001800105041000800123080001500131082001900146100000700165101000800172245005900180504006400239906004500303942001200348999001700360952011400377388937820180131074706.0900430s1991 njua b 001 0 eng  a 90037870  a0136514804 (pbk.) aDLCcDLCdDLC aeng a005.26 COK00a005.26 COK2201 a28 aSHK10aParallel programs for the transputer /cRonald S. Cok. aIncludes bibliographical references (p. 227-229) and index. a7bcbccorignewd1eocipf19gy-gencatlg 2ddccBK c41389d41389 00102udc40708PËKGa002b002cPËKGd2018-01-31l0o005.26 COKp002-2997099r2018-01-31w2018-01-31yBK